| 000 | 00638nam a22002175a 4500 | ||
|---|---|---|---|
| 005 | 20160322113228.0 | ||
| 008 | 160322s2009 ii fr 001 0 eng d | ||
| 020 | _a9788174732896 | ||
| 040 |
_aEG-ScBUE _beng _cEG-ScBUE |
||
| 082 | 0 | 4 |
_a616.9041 _bPAN _222 |
| 100 | 1 |
_aPanda, U. N. _939627 |
|
| 245 | 1 | 0 |
_aHandbook of microbiology and parasitology / _cU. N. Panda. |
| 250 | _a2nd ed. | ||
| 260 |
_aDelhi : _bA. I. T. B. S. Publishers, _c2009. |
||
| 300 |
_a178 p. : _bill. ; _c22 cm. |
||
| 650 | 7 |
_aMicrobiology. _2BUEsh _923968 |
|
| 650 | 7 |
_aParasitology. _2BUEsh _939545 |
|
| 651 | _2BUEsh | ||
| 653 |
_bPPhrm _cMarch2016 |
||
| 942 | _2ddc | ||
| 999 |
_c21476 _d21448 |
||